000 00315 a2200109 4500
001 ART_18795
005 20260410161920.0
008 260409a
245 1 0 _aActualidad societaria
100 1 _aMascheroni, Fernando H.
773 0 _tLa información
_g- Tomo XXXVII, Nº 581 (mayo 1978)
_wREV14902
999 _c27618
_d27618